• 首页
  • 本馆介绍
  • 公告通知
  • 最新文献
  • 馆藏检索
  • 电子资源
  • 读者导购
  • 参考咨询
  • 我的图书馆
  • 登录
  • 详细信息显示
  • 放入我的书架
  • 预约/预借图书
  • 作者相关作品
  • 分类相关作品
  • 丛书相关作品
  • 出版社相关作品

书目信息

  • 表格格式
  • 工作单格式
  • 卡片格式
题名:
语言学论丛
    
 
作者: ;北京大学中文系语言学论丛编委会 编
分册: 第六辑  
出版信息: 北京   商务印书馆  1980.09
页数: 273页
开本: 19cm
丛书名:
单 册:
中图分类: H0
科图分类:
主题词: 语言学
电子资源:
ISBN:
000 00600nam0 2200193 45
001 0211181783
005 20070730095932.21
010    @dCNY1.00
091    @a9017.471
100    @a20021118d1980 km y0chiy0120 ea
101 0  @achi
200 1  @a语言学论丛@AYu Yan Xue Lun Cong@h第六辑@f北京大学中文系语言学论丛编委会编@FBei Jing Da Xue Zhong Wen Xi Yu Yan Xue Lun Cong Bian Wei Hui Bian
210    @a北京@c商务印书馆@d1980.09
215    @a273页@d19cm
606 0  @a语言学
690    @aH0@v3
711 02 @a北京大学中文系语言学论丛编委会@4编
801    @aCN@bTSTC@c20070730
905    @dH0@e22:6@b163947-949@f3
    
    语言学论丛.第六辑/北京大学中文系语言学论丛编委会编.-北京:商务印书馆,1980.09
    273页;19cm
    
    
    ISBN :CNY1.00
    
●
相关链接 在E读中查询图书 在五车中查询图书 在当当中查询图书 在豆瓣中查询图书


正题名:语言学论丛     索取号:H0/22:6         预约/预借

序号 登录号 条形码 馆藏地/架位号 状态 备注
1 0163947   000817049   第四借阅区/ [索取号:H0/22:6] 在馆    
2 0163948   000817030   第四借阅区/ [索取号:H0/22:6] 在馆    
3 0163949   000817021   第四借阅区/ [索取号:H0/22:6] 在馆    
4 0163950   000817058   第二样本阅览室/ [索取号:H0/22:6] 在馆    
5 0436380   204363802   密集书库/ [索取号:H0/22:6] 在馆    
6 0786945   207869458   密集书库/ [索取号:H0/22:6] 在馆    
唐山师范学院图书馆 欢迎您!
大连网信软件有限公司© 版权所有